| 000 | 00467cam a2200145 4500500 | ||
|---|---|---|---|
| 005 | 20251012010503.0 | ||
| 041 | _afre | ||
| 042 | _adc | ||
| 100 | 1 | 0 |
_aChapuis, Émilie _eauthor |
| 245 | 0 | 0 | _aLes voies du Seigneur enfin pénétrables |
| 260 | _c2008. | ||
| 500 | _a98 | ||
| 786 | 0 | _nPhilosophie magazine | 16 | 2 | 2008-02-01 | p. 5-5 | 1951-1787 | |
| 856 | 4 | 1 | _uhttps://shs.cairn.info/magazine-philosophie-magazine-2008-2-page-5?lang=fr&redirect-ssocas=7080 |
| 999 |
_c1519444 _d1519444 |
||